Hospodárske opatrenia vlády podľa volebného marketingu
Nástroje fiškálnej a menovej politiky v rámci hospodárskeho mechanizmu. Rozpočtový deficit a nezamestnanosť. Opatrenia na vyvedenie našej ekonomiky z krízy. Zaujímavé témy volebných programov. Investovanie do budovania domácej infraštruktúry. Alternatívne zmeny hospodárskej politiky.
Uložené v:
| Hlavný autor: | |
|---|---|
| Médium: | Kapitola |
| Jazyk: | Slovak |
| Predmet: | |
| Tagy: |
Žiadne tagy, Buďte prvý, kto otaguje tento záznam!
|
MARC
| LEADER | 00000naa$a2200000$$$4500 | ||
|---|---|---|---|
| 001 | 0112995 | ||
| 005 | 20231006123732.6 | ||
| 041 | 0 | |a slo | |
| 044 | |a SK | ||
| 245 | 1 | 0 | |a Hospodárske opatrenia vlády podľa volebného marketingu |c Róbert Hölcz |
| 520 | |a Nástroje fiškálnej a menovej politiky v rámci hospodárskeho mechanizmu. Rozpočtový deficit a nezamestnanosť. Opatrenia na vyvedenie našej ekonomiky z krízy. Zaujímavé témy volebných programov. Investovanie do budovania domácej infraštruktúry. Alternatívne zmeny hospodárskej politiky. | ||
| 610 | 2 | 0 | |a Slovensko |
| 610 | 2 | 0 | |a politika fiškálna |
| 610 | 2 | 0 | |a politika hospodárska |
| 610 | 2 | 0 | |a politika zamestnanosti |
| 610 | 2 | 0 | |a politika vnútorná |
| 610 | 2 | 0 | |a programy vládne |
| 610 | 2 | 0 | |a strany politické |
| 610 | 2 | 0 | |a voľby |
| 100 | 1 | |a Hölcz, Róbert | |